000 00532nam a2200193Ia 4500
003 LDD
008 181029s9999 xx 000 0 und d
020 _a860915468
_cP 12.00
040 _cLDD
100 _aAnderson, Benedict
245 0 _aImagined communities
_cBenedict Anderson
260 _aLondon
_bVerso
_c1991
300 _axv, 224p.
365 _bP 12.00
901 _a4351
_b23-02-2008
902 _aI-1207
_b06-03-2008
_cF
_dAAKAR
_e95
903 _aDiscount-15
_bReqst by : AjayNohurkar
942 _2ddc
_cBK
999 _c80778
_d80778